| 000 | 00734nam a2200253Ia 4500 | ||
|---|---|---|---|
| 005 | 20250425162336.0 | ||
| 008 | 250425s9999 xx 000 0 und d | ||
| 020 | _a997886282X | ||
| 041 | _aspa | ||
| 043 | _aec | ||
| 082 | _a341.02636 | ||
| 100 | _aCORPORACION, DE ESTUDIOS Y PUBLICACIONES | ||
| 245 | 0 | _aCODIGO TRIBUTARIO, LEGISLACION CONEXA, CONCORDANCIAS | |
| 250 | _a9A ED. | ||
| 260 |
_aEcuador _bCORPORACION DE ESTUDIOS Y PUBLICACIONES _c2008 |
||
| 260 |
_aQUITO _bCORPORACION DE ESTUDIOS Y PUBLICACIONES |
||
| 300 | _a106 | ||
| 500 | _aACTUALIZADO ABRIL 2008 | ||
| 650 | _aCODIGO TRIBUTARIO | ||
| 650 | _aLEGISLACION | ||
| 710 | _aCORPORACION DE ESTUDIOS Y PUBLICACIONES | ||
| 942 | _c01 | ||
| 010 | _a64167 | ||
| 999 |
_c227268 _d227268 |
||